Szczegóły MARC21

Trzy rozprawy o Makarence /

003 -Nazwa inst., której nr kontr. jest w polu 001 [,]
    • @
    • Nazwa instytucji, której n kontrolny jest w polu 001
    • NUKAT
005 -DATA I CZAS OSTATNIEJ MODYFIKACJI [,]
    • @
    • pole kontrolne
    • 20241231115505.0
040 -Instytucja sporządzająca opis [ , ]
    • a
    • Instytucja, która sporządziła opis (NP)
    • KR U/70EJ
    • c
    • Instytucja, która sporządziła rekord (NP)
    • KR U/70EJ
    • d
    • Instytucja, która zmodyfikowała rekord (P)
    • KR U/70EJ
    • d
    • Instytucja, która zmodyfikowała rekord (P)
    • TOR U/AP
    • d
    • Instytucja, która zmodyfikowała rekord (P)
    • KR U/mal
    • d
    • Instytucja, która zmodyfikowała rekord (P)
    • WA 575/MR
041 -Język dokumentu [1, ]
    • a
    • Język tekstu (P)
    • polski
    • h
    • Język tekstu oryginalnego i/lub pośredniego (P)
    • rosyjski
942 -Rodzaj dokumentu [ , ]
    • c
    • Rodzaj dokumentu
    • Książka
245 -Strefa tytułu i oznaczenia odpowiedzialności [0,0]
    • a
    • Tytuł
    • Trzy rozprawy o Makarence / Find
    • c
    • Pozostałe elementy strefy tytułu i oznaczenia odpowiedzialności (NP)
    • [tł. z ros. Anna Linke].
260 -Strefa adresu wydawniczego [ , ]
    • a
    • Miejsce wydania (P)
    • Warszawa :
    • b
    • Nazwa wydawcy (P)
    • Nasza Księgarnia,
    • c
    • Data wydania (P)
    • 1949.
300 -Strefa opisu fizycznego [ , ]
    • a
    • Określenie formy książki i/lub objętość (NP)
    • 53, [2] s. ;
    • c
    • Format (NP)
    • 24 cm.
336 -Typ zawartości [ , ]
    • a
    • Termin opisujący typ zawartości
    • Tekst
    • b
    • Kod określający zawartość
    • txt
    • 2
    • Źródło (terminu i kodu)
    • rdacontent
337 -Typ mediów [ , ]
    • a
    • Tryb odtwarzania
    • Bez urządzenia pośredniczącego
    • b
    • Kod typu mediów
    • n
    • 2
    • Źródło (terminu i kodu)
    • rdamedia
338 -Typ/rodzaj nośnika [ , ]
    • a
    • Hasło opisujące typ nośnika
    • Wolumin
    • b
    • Kod typu nośnika
    • nc
    • 2
    • Źródło (terminu i kodu)
    • rdacarrier
500 -Uwaga ogólna [ , ]
    • a
    • Uwaga ogólna (NP)
    • Tyt. oryg.: Anton Sjemionowicz Makarenko (w dziesiątą rocznicę śmierci). Tł. z: Norodnoje Obrazowanije, nr 3, 1949 r. ; Makarenko kak psichołog ; A. S. Makarenko o wospitaniju w sowietskoj siemje. Tł. z: Sowietskaja Pedagogika, nr 3, 1949 r.
505 -Uwaga dot. zawartości książki [0, ]
    • a
    • Uwaga dot. zawartości książki
    • Antoni Makarenko w dziesiątą rocznicę śmierci / W. Gmurman. Antoni Makarenko jako psycholog / W. Kołbanowski. Antoni Makarenko o wychowaniu w radzieckiej rodzinie / A. Gelmont.
700 -Hasło dodatkowe - nazwa osobowa [1,2]
    • a
    • Nazwa osobowa (NP)
    • Gmurman, Viktor Efimovič Find
    • d
    • Daty biograficzne (NP)
    • (1906-1988).
    • t
    • Tytuł ujednolicony/tytuł (NP)
    • Antoni Makarenko w dziesiątą rocznicę śmierci Find
    • 9
    • KHW
    • 436749
700 -Hasło dodatkowe - nazwa osobowa [1,2]
    • a
    • Nazwa osobowa (NP)
    • Kolbanovskij, Viktor Nikolaevič Find
    • d
    • Daty biograficzne (NP)
    • (1902-1972).
    • t
    • Tytuł ujednolicony/tytuł (NP)
    • Antoni Makarenko jako psycholog Find
    • 9
    • KHW
    • 436747
700 -Hasło dodatkowe - nazwa osobowa [1,2]
    • a
    • Nazwa osobowa (NP)
    • Gel'mont, Abram Markovič Find
    • d
    • Daty biograficzne (NP)
    • (1895-1963).
    • t
    • Tytuł ujednolicony/tytuł (NP)
    • Antoni Makarenko o wychowaniu w radzieckiej rodzinie Find
    • 9
    • KHW
    • 436748
700 -Hasło dodatkowe - nazwa osobowa [1, ]
    • a
    • Nazwa osobowa (NP)
    • Linke, Anna Maria Find
    • d
    • Daty biograficzne (NP)
    • (1916-1989).
    • e
    • Określenie rodzaju współpracy
    • Tł.
    • 9
    • KHW
    • 31863
710 -Hasło dodatkowe - nazwa ciała zbiorowego [2, ]
    • a
    • Nazwa ciała zbiorowego lub nazwa geograficzna jako pierwszy element (NP)
    • "Nasza Księgarnia".
    • 4
    • Kod relacji
    • pbl
    • 9
    • KHW
    • 56421
710 -Hasło dodatkowe - nazwa ciała zbiorowego [2, ]
    • a
    • Nazwa ciała zbiorowego lub nazwa geograficzna jako pierwszy element (NP)
    • Instytut Wydawniczy "Nasza Księgarnia".
    • 4
    • Kod relacji
    • pbl
    • 9
    • KHW
    • 51922
Numer inwentarzowy Status udost. Lokalizacja
Pd.47251BG
ANS.364221BNS